[Event "9th LCC FIDE Open 2017"]
[Site "London"]
[Date "2017.12.07"]
[Round "7"]
[White "Vishnu Prasanna  V"]
[Black "Van Delft, Merijn"]
[Result "1/2-1/2"]
[WhiteElo "2536"]
[BlackElo "2393"]
[Annotator "TA"]
[PlyCount "113"]
[EventDate "2017.??.??"]
[EventCountry "ENG"]
[SourceTitle "playchess.com"]
[Source "ChessBase"]
[SourceQuality "1"]

{[%evp 21,113,0,0,0,0,-9,-2,-8,0,0,0,0,0,0,0,0,0,0,0,0,0,0,0,0,0,0,-2,-16,-26,-22,21,0,0,0,0,0,0,-8,-12,-6,0,0,16,11,8,0,0,0,0,-13,0,-16,0,0,0,-17,-12,-7,0,0,0,0,0,0,0,0,0,0,0,0,0,0,0,0,0,0,0,0,0,0,10,10,10,10,10,10,10,10,10,10,10,10,10,10]} 1. e4 c5 2. Nf3 d6 3. d4 cxd4 4. Nxd4 Nf6 5. Nc3 a6 6. Bg5 Nbd7 7. Bc4 Qb6 {B94: Sizilianisch (Najdorf-Variante mit 6.Lg5)} (7... Qa5 8. Qd2 e6 9. Bb3 Be7 10. O-O-O h6 11. Be3 Nc5 12. Kb1 Bd7 13. f3 Qc7 14. g4 b5 15. a3 Qb7 16. h4 a5 {1-0 (34) Nepomniachtchi,I (2732)-Korobov,A (2711) Khanty-Mansiysk 2017}) 8. Bb3 e6 9. Qd2 Be7 10. O-O-O Nc5 11. f3 Bd7 {LiveBook: 3 Partien} 12. Kb1 Qc7 13. g4 b5 14. a3 Qb7 15. Ba2 a5 $146 16. Nd5 $1 {[%cal Rd5e7]} exd5 17. Bxf6 $1 Bxf6 ({Doch nicht} 17... gxf6 18. Bxd5 Qc8 19. Bxa8 $16) 18. Bxd5 Qa6 {Weiss muss nun ...Tc8 beachten.} 19. Bxa8 Qxa8 20. Nf5 Bxf5 21. exf5 O-O 22. g5 $1 {[%cal Rg5f6] [#]} Bxb2 $1 {[%mdl 512]} 23. Kxb2 Qxf3 24. Qxd6 Na4+ (24... Qxf5 25. Rhe1 $16) 25. Kc1 b4 {Droht ...De3+ und aus.Die Stellung ist ausgeglichen.} ({Ein No Go ist} 25... Qxf5 26. h4 $14) 26. Qd3 Qf4+ 27. Qd2 Qf3 28. Qd3 Qf4+ 29. Rd2 Nc5 30. Qd4 $1 {[%cal Rd4f4]} Qxf5 31. axb4 axb4 32. Re1 ({Viel schwächer wäre} 32. Qxb4 Ne4 $17) 32... Ne6 33. Qxb4 Qxg5 34. h4 Qf6 35. Rd5 h6 36. h5 Ra8 37. Ra5 Rc8 {[#] zielt auf ...Sd4 ab.} 38. Rd1 Qf2 {[%csl Gc8][%cal Rf2c2]} 39. Rd2 $132 {[%mdl 2048] Weiss puts up resistance} Qe3 {Droht stark ...Td8.} 40. Kb2 Nc5 41. Rd5 Ne6 $1 42. Rab5 Qf2 43. Rd2 Qe3 44. Rd3 Qf2 45. Rc3 Qf6 46. Rb8 Qxc3+ 47. Qxc3 Rxb8+ $11 {[%mdl 4096] Endspiel KD-KTS} 48. Kc1 Rb5 49. Qf3 Rg5 50. Kb2 g6 51. hxg6 Rxg6 52. Ka3 Rg5 53. Kb4 Kg7 54. c4 h5 55. Qc3+ Kg8 56. Qf6 Rg6 57. Qe5 {Precision: Weiß = 70%, Schwarz = 66%.} 1/2-1/2

[Event "9th LCC FIDE Open 2017"]
[Site "London"]
[Date "2017.12.07"]
[Round "7"]
[White "Kotronias, Vasilios"]
[Black "Maze, Sebastien"]
[Result "1/2-1/2"]
[WhiteElo "2524"]
[BlackElo "2614"]
[Annotator "TA"]
[PlyCount "194"]
[EventDate "2017.??.??"]
[EventCountry "ENG"]
[SourceTitle "playchess.com"]
[Source "ChessBase"]
[SourceQuality "1"]

{[%evp 20,194,31,29,48,52,63,50,41,37,69,32,36,27,37,25,40,2,10,-23,-19,-20,-25,-43,-34,-36,-16,-17,-20,-36,-36,-42,-40,-62,-54,-110,-105,-115,-111,-144,-135,-149,-100,-102,-100,-100,-100,-114,-114,-109,-74,-74,-74,-74,-74,-74,-74,-74,-74,-74,-74,-74,-74,-74,-74,-75,-75,-79,-64,-64,-58,-58,0,-64,-58,-79,-58,-64,-58,-58,-36,-79,-36,-36,-36,-36,-36,-36,-36,-36,-36,-36,-36,-36,-36,-36,-36,-36,-36,-36,0,-36,0,0,0,-36,-36,-36,-36,-36,-36,-36,-36,-36,-36,-50,0,0,0,0,0,0,0,0,0,0,0,0,0,0,0,0,0,0,0,0,0,0,0,0,0,0,0,0,0,0,0,0,0,0,0,0,0,0,0,0,0,0,0,0,0,0,0,0,0,0,0,0,0,0,0,0,0,0,0,0,0]} 1. e4 e5 2. Nf3 Nc6 3. Bb5 a6 4. Ba4 d6 5. c3 Bd7 6. d4 g6 7. O-O Bg7 8. h3 Nf6 9. Re1 O-O 10. Nbd2 Re8 {C60: Ruy Lopez: Unusual Black 3rd moves and 3...g6} 11. Bc2 {LiveBook: 11 Games} Bh6 $146 ({Predecessor:} 11... Qe7 12. Nf1 Qf8 13. Ng3 Rad8 14. d5 Ne7 15. Nh2 Bh6 16. Qf3 Bxc1 17. Raxc1 Qg7 18. Qe3 Nh5 19. Nxh5 gxh5 20. Kh1 f5 21. exf5 Bxf5 22. Bxf5 Nxf5 {½-½ (41) Caruana,F (2774)-Andreikin,D (2713) Moscow 2013}) 12. Nf1 Bxc1 {White is slightly better.} 13. Qxc1 Kg7 14. Ng3 h6 15. Bb3 Nh7 16. Bd5 Ng5 {Threatening ...Nxf3+.} 17. Re3 Rf8 18. Bxc6 Bxc6 19. dxe5 Nxf3+ 20. Rxf3 dxe5 21. c4 Qd4 22. Re3 Rad8 23. Ne2 Qd2 24. Nc3 Qxc1+ 25. Rxc1 Rd2 26. b4 Rfd8 27. a4 (27. a3 $15) 27... Bd7 $17 28. b5 {[#]} a5 $1 29. Ree1 Be6 30. Nd5 Rd7 31. Red1 Rxd1+ 32. Rxd1 {[%mdl 4096] Endgame KRB-KRN} c6 33. bxc6 bxc6 34. Rb1 cxd5 (34... h5 {is interesting.} 35. Rb8 cxd5 36. cxd5 Bxd5 37. exd5 Rxd5 38. Ra8 h4) 35. cxd5 {[#]} Bxd5 $1 36. exd5 Rxd5 37. Rb5 Rxb5 38. axb5 {KP-KP} a4 39. b6 a3 40. b7 a2 41. b8=Q a1=Q+ {KQ-KQ} 42. Kh2 Qd4 43. Kg1 h5 44. h4 Qd1+ 45. Kh2 Qd4 46. Kg1 Qf4 47. Qd6 Qe4 48. Qc5 Qd4 49. Qe7 e4 50. Kh2 Qd5 51. Kg1 Qf5 52. Qd6 Qf6 53. Qg3 Qa1+ 54. Kh2 Qd4 55. Qf4 Qd5 56. Qg3 Kf6 57. Qf4+ Ke6 58. g3 Qf5 {Hoping for ...Qxf4.} 59. Qe3 Qf3 {aiming for ...Qxe3.} 60. Qd4 Kf5 61. Qd5+ Kf6 62. Qd6+ Kg7 63. Qe5+ Qf6 64. Qc5 Qe6 65. Kg1 Qf5 66. Qd4+ Kh7 67. Qd6 g5 68. hxg5 {The position is equal.} Qxg5 69. Qd7 Qf6 70. Qd5 Qf3 71. Qg5 f6 72. Qd5 Kh6 73. Qa8 Qf5 74. Kg2 Qe6 75. Qb8 Kg6 76. Qb5 {[#]} h4 $1 {[%mdl 512]} 77. gxh4 Qg4+ 78. Kf1 Qxh4 79. Qe8+ Kg5 80. Qg8+ Kf4 81. Qb8+ Kg4 82. Ke2 Kh3 {...Kg2 is the strong threat.} 83. Kf1 f5 84. Qg8 {[%csl Gf1][%cal Rg8g2]} Qf4 {And now ...Qc1+ would win.} 85. Qh7+ Kg4 86. Kg2 Qg5 87. Qh3+ Kf4+ 88. Kf1 Ke5 89. Qc3+ Ke6 90. Qc6+ Kf7 91. Qd7+ Kg6 92. Qe8+ Kh7 93. Qe6 Kg7 94. Qe5+ Qf6 95. Qxf6+ Kxf6 {[#]} 96. f3 $1 {[%mdl 512]} exf3 {( -> ...Kg5)} (96... e3 $5 97. f4 $8 Ke6 $11) 97. Kf2 Ke5 {Precision: White = 68%, Black = 59%.} 1/2-1/2

[Event "9th LCC FIDE Open 2017"]
[Site "London"]
[Date "2017.12.07"]
[Round "7"]
[White "Stany, G A"]
[Black "Bartholomew, John"]
[Result "1-0"]
[WhiteElo "2502"]
[BlackElo "2448"]
[Annotator "TA"]
[PlyCount "141"]
[EventDate "2017.??.??"]
[EventCountry "ENG"]
[SourceTitle "playchess.com"]
[Source "ChessBase"]
[SourceQuality "1"]

{[%evp 31,141,41,56,56,83,54,58,44,102,99,89,63,76,60,145,140,147,37,72,68,75,50,32,48,77,65,71,71,69,68,82,77,62,34,114,65,142,72,74,77,135,136,130,139,129,118,138,141,206,84,84,84,84,84,82,82,79,78,79,77,77,77,77,77,72,69,69,59,185,192,200,199,200,193,185,175,1172,1204,650,561,29972,29973,29976,12349,1600,773,29978,29979,29978,193,281,0,29975,29977,29977,29953,29978,29979,29980,29981,29980,29982,29982,29983,29983,29984,29984,29985,29987,29988,29994,29995]} 1. e4 c5 2. Nf3 d6 3. d4 cxd4 4. Nxd4 Nf6 5. Nc3 Nc6 6. f3 e5 7. Nb3 Be7 8. Be3 O-O 9. Qd2 a5 10. Bb5 Be6 11. Rd1 Na7 12. Bd3 Nc6 13. Bb5 Na7 {B56: Classical Sicilian: Unusual Lines} 14. Bd3 Nc6 15. a3 a4 16. Nc1 Qa5 {LiveBook: 4 Games} 17. O-O Rfc8 $146 ({Predecessor:} 17... Rfd8 18. Qf2 Nd7 19. N1e2 Nc5 20. Nd5 Bxd5 21. exd5 {1-0 (46) Wojtaszek,R (2749)-Chukavin,K (2096) Tallinn 2016}) 18. Qf2 Nd4 19. Kh1 d5 ({Black should try} 19... Rxc3 $14 20. bxc3 Qxc3) 20. exd5 Bxd5 (20... Nxd5 $2 21. Nxd5 Bxd5 22. c3 $18) 21. f4 Be6 22. h3 {Strongly threatening fxe5.} Nd7 ({Black should play} 22... Rxc3 $14 23. bxc3 Nc6) 23. fxe5 $16 Nc6 24. Bf5 (24. Bb5 $1 $16 {Black must now prevent Rxd7!} Bxa3 25. Bxc6 (25. bxa3 Qxc3 26. Rxd7 Bxd7 $11) 25... bxc6 26. Rxd7 (26. bxa3 Qxc3 27. Rxd7 Bxd7 $16) 26... Bxb2 27. Ne4 (27. Rxf7 Bxf7 28. Qxf7+ Kh8 $11) 27... Bxd7 28. Qxf7+ Kh8 29. Qxd7) 24... Ndxe5 $14 25. Bb6 Qa6 {aiming for ...Bxf5.} 26. Nd5 Bxd5 27. Rxd5 {And now Nd3 would win.} Qc4 28. Bxc8 Qxd5 29. Bxb7 Rb8 30. Bxc6 Nxc6 31. Nd3 Bf6 32. Qe3 Qb5 (32... h6 $14) 33. Bc5 Qc4 (33... Rd8 $14) 34. Rf2 (34. Qg3 $142 $1 {Threatens to win with Rxf6.} Qe6 35. Re1) 34... h6 35. Qf4 Qb5 (35... Qxf4 $142 36. Rxf4 Ne5) 36. Qe4 $1 $16 Rd8 37. Rf5 $1 Qa6 38. Rd5 Rxd5 39. Qxd5 Qc8 (39... Nd8 $16 {is a better defense.} 40. Bd4 Bg5) 40. Qe4 (40. Qc4 $1 $18 {is more deadly.}) 40... Ne5 41. Nxe5 Qxc5 42. Nd7 Qd6 43. Nxf6+ ({Of course not} 43. Qxa4 $6 Bd8 $11) 43... Qxf6 44. Qxa4 {Hoping for Qb4.} Qxb2 {[%mdl 4096] Endgame KQ-KQ} 45. Qe8+ Kh7 46. Qxf7 Qxc2 47. Qf4 g5 48. Qf7+ Kh8 49. Kh2 Qb2 (49... Qc5 $14) 50. Qe8+ $18 Kg7 51. Qd7+ Kg6 52. Qd6+ Kg7 53. Qc7+ $1 Kg6 $2 {[#]} (53... Kh8) 54. a4 $1 Qa1 55. a5 h5 56. Qd6+ Kf5 57. Qf8+ (57. a6 $142 g4 58. Qc5+ Kg6 59. a7 Qa6 60. Qc7 gxh3 61. Qb8 hxg2 62. a8=Q Qxa8 63. Qxa8) 57... Kg6 58. Qe8+ Kh6 59. Qe6+ Kg7 60. Qd7+ $2 (60. a6 {mates} Kf8 61. Qc8+ Ke7 62. Qb7+ Kf6 63. a7 g4 64. Qc6+ Kf7 65. a8=Q Qe5+ 66. g3 Qe2+ 67. Qg2 Qxg2+ 68. Kxg2) 60... Kg6 61. Qd6+ $2 (61. Qd3+ $18 Kg7 62. Qd7+ Kf6 63. Qd6+ Kf5 64. a6) 61... Kf5 $1 62. a6 {White mates.} Qa5 63. Qd3+ Kf6 64. Qd4+ Kg6 65. a7 Qc7+ 66. Kh1 Qc1+ {[#]} 67. Qg1 $1 Qa3 68. Qb1+ Kf6 69. Qb8 g4 70. a8=Q Qc1+ 71. Kh2 {Precision: White = 67%, Black = 42%.} 1-0

[Event "9th LCC FIDE Open 2017"]
[Site "London"]
[Date "2017.12.07"]
[Round "7"]
[White "Fodor, Tamas Jr"]
[Black "McDonald, Neil"]
[Result "1-0"]
[WhiteElo "2496"]
[BlackElo "2397"]
[Annotator "TA"]
[PlyCount "142"]
[EventDate "2017.??.??"]
[EventCountry "ENG"]
[SourceTitle "playchess.com"]
[Source "ChessBase"]
[SourceQuality "1"]

{[%evp 18,142,69,67,64,66,84,83,78,80,87,81,80,67,58,-41,-39,-30,59,20,54,43,33,30,62,56,47,51,92,70,77,84,131,87,194,159,390,379,389,371,405,385,389,371,377,384,384,374,368,373,378,378,395,366,407,389,388,379,370,234,237,-33,-41,-39,-36,-35,-33,-33,-33,-32,-39,-36,-17,-26,-26,-24,-24,-20,-12,-22,-2,-12,-9,-15,0,0,0,-64,-64,-65,-8,-65,-65,-29977,-94,-29978,-29979,-29985,-29986,-29989,-29990,-29993,-29994,-29994,-29985,-29985,-29986,-29986,-10768,-29979,-522,-522,-515,-501,-501,-479,-451,-410,-407,-403,-403,-395,-388,-366,-352,-333,-70]} 1. c4 c5 2. Nf3 Nf6 3. Nc3 g6 4. d4 cxd4 5. Nxd4 Bg7 6. e4 d6 7. Be2 O-O 8. O-O a6 {A31: Englische Eröffnung (Symmetrische Variante)} (8... Nc6 9. Be3 Bd7 10. f3 Nxd4 11. Bxd4 a5 12. b3 Bc6 13. Qd2 Nd7 14. Be3 Nc5 15. Rab1 Qb6 16. Rfc1 Rfc8 17. Rc2 Qb4 18. Qc1 Qb6 19. Kh1 h5 20. a3 Qd8 21. Qd2 Kh7 22. Bf1 Qf8 23. b4 axb4 24. axb4 Na4 25. Ne2 {1-0 (55) Navara,D (2734)-Mamedov,R (2650) Huaian 2016}) 9. Bg5 Nbd7 10. Qd2 {LiveBook: 3 Partien} Re8 {Weiß steht etwas besser.} 11. Rfd1 b6 12. Rac1 Bb7 13. f3 e6 14. Nc2 Bf8 15. Qf4 $146 Rc8 16. Qg3 (16. Kh1 $14) 16... h6 $15 17. Be3 Kh7 (17... d5 $1 $11) 18. Kh1 Qe7 19. Bf1 Ne5 20. Na3 Rc6 21. Rc2 Bg7 22. Rcd2 Nh5 23. Qf2 f5 24. Bxb6 Rf8 25. Bd4 Bf6 {[#]} (25... Rc7 $16) 26. c5 $1 $18 {[%mdl 512] Schwarz muss nun cxd6 beachten.} Rxc5 $2 (26... Rd8 $16 27. g3 Rcc8) (26... dxc5 27. Bxe5) 27. Bxc5 dxc5 28. Nc4 Bc6 29. Rd6 Nxc4 30. Bxc4 Bd4 31. R1xd4 cxd4 32. Qxd4 ({Schwächer ist} 32. Rxc6 dxc3 33. bxc3 (33. Rxe6 Qc7 $14) 33... Rb8 $18) 32... e5 33. Qc5 Bb5 34. Bxb5 ({Weniger gut wäre} 34. Nxb5 axb5 35. Qc6 Qh4 $16) 34... axb5 35. Nd5 Qg7 36. Qxb5 fxe4 37. fxe4 Rf7 38. Ne3 Nf6 39. Qxe5 $2 ({Günstiger ist} 39. Rc6 $18) 39... Ng4 $1 $15 40. Qxg7+ Kxg7 41. h3 Nxe3 {[%mdl 4096] Endspiel KTS-KT} 42. Rd3 Nc4 43. b3 Ne5 44. Rd5 Rf1+ 45. Kh2 Kf6 46. a4 Rb1 47. Rb5 $1 h5 48. h4 Rb2 49. Kg3 Nd3 50. a5 Ne1 51. b4 {Und a6 würde nun gewinnen.} Ra2 52. Rb6+ (52. Kf4 $11) 52... Ke5 53. a6 Rxg2+ 54. Kh3 {Droht stark a7.} Ra2 {Droht ...Sd3 und aus.} 55. Rxg6 $2 {[%mdl 8192]} (55. Kg3 $15) 55... Nd3 $1 56. Kg3 $2 {[%mdl 8192] [#]} (56. Rc6 $17) 56... Nf4 $1 57. Rc6 Ne2+ 58. Kh3 Kxe4 59. Rc4+ Kf3 {[%cal Re2g1]} 60. Kh2 Nf4+ 61. Kh1 Rxa6 62. Rc3+ Kg4 (62... Kf2 $142 63. Rc2+ Kg3 64. Rc3+ Kxh4 65. Rb3 Ra2 66. Kg1 Ne2+ 67. Kf1 Kg4 68. b5 Nd4 69. Rc3 Nxb5 70. Rd3 h4 71. Kg1 Rb2 72. Kf1 Nc7 73. Rd6 Kg3 74. Rg6+ Kh2 75. Rh6 h3 76. Rd6 Rc2 77. Rd8 Ne6 78. Rb8 Ng5 79. Rg8 Rc5 80. Ke2 Kg2 81. Rh8 Rd5 82. Rf8 Re5+ 83. Kd2 h2 84. Rh8 Nh3 85. Rg8+ Rg5 86. Rxg5+ Nxg5 87. Kc3 h1=Q 88. Kc4 Qd1 89. Kc3 Ne6 90. Kc4 Qd4+ 91. Kb5 Qc5+ 92. Ka4 Qb6 93. Ka3 Nd4 94. Ka2 Qb3+ 95. Ka1 Nc2#) 63. Rb3 Kxh4 (63... Ra2 $142 64. Kg1 Ng6 65. Kf1 Nxh4 66. Rc3 Nf3 67. Rc6 Nh2+ 68. Ke1 h4 69. Rg6+ Kf4 70. Rh6 Kg3 71. Kd1 h3 72. Kc1 Ng4 73. Rh7 h2 74. b5 Ra1+ 75. Kc2 h1=Q 76. Rxh1 Rxh1 77. b6 Rh6 78. Kd3 Kf4 79. Kc4 Rxb6 80. Kc5 Ra6 81. Kb4 Rh6 82. Kc3 Ke4 83. Kb4 Kd3 84. Kb5 Kd4 85. Kb4 Ne3 86. Kb3 Rb6+ 87. Ka3 Kc3 88. Ka2 Rb2+ 89. Ka3 Nc4+ 90. Ka4 Rb4#) 64. b5 $19 Rb6 65. Kh2 Kg4 66. Rb4 Kf3 67. Rb3+ Kf2 68. Rb2+ {[#]} Ke3 $1 69. Rb3+ Ke4 70. Kg3 {Weiss hofft, mit Tb4+ fortzusetzen.} Rg6+ 71. Kh2 Kd5 $2 {[%mdl 32768] Precision: Weiß = 48%, Schwarz = 60%. . Sensor Board Error (Ke4/e5)?} (71... Nd5 $19 72. Kh3 Nf4+ 73. Kh2 Rb6) 1-0

[Event "9th LCC FIDE Open 2017"]
[Site "London"]
[Date "2017.12.07"]
[Round "7"]
[White "Hector, Jonny"]
[Black "Donchenko, Alexander"]
[Result "1/2-1/2"]
[WhiteElo "2493"]
[BlackElo "2569"]
[Annotator "TA"]
[PlyCount "143"]
[EventDate "2017.??.??"]
[EventCountry "ENG"]
[SourceTitle "playchess.com"]
[Source "ChessBase"]
[SourceQuality "1"]

{[%evp 13,143,0,12,14,11,0,-8,-7,-8,-19,0,-23,0,-20,0,-26,-20,-23,15,23,29,0,13,0,58,60,261,274,296,104,146,81,83,86,87,84,97,15,17,10,14,0,13,0,0,0,0,0,0,0,0,0,0,0,0,0,0,0,7,2,2,0,0,0,0,0,0,0,0,0,22,0,0,0,0,0,7,8,7,6,6,0,6,7,12,0,6,0,0,0,0,0,0,0,0,0,13,0,0,0,7,7,7,0,0,0,0,0,4,0,0,0,0,0,0,0,0,0,0,0,0,0,0,0,0,0,0,0,0,0,0,0]} 1. e4 c6 2. Nc3 d5 3. Nf3 Nf6 4. e5 Ne4 5. d4 Nxc3 6. bxc3 {B11: Caro-Kann: Two Knights Variation} c5 7. c4 (7. Rb1 Nc6 8. dxc5 e6 9. Bd3 Bxc5 10. O-O h6 11. Qe2 O-O 12. c4 Nb4 13. Be3 Nxd3 14. cxd3 Bxe3 15. Qxe3 dxc4 16. dxc4 {½-½ (32) Short,N (2698)-Tari,A (2588) Douglas 2017}) 7... Nc6 {LiveBook: 3 Games} 8. Be2 e6 $146 ({Predecessor:} 8... cxd4 9. Nxd4 e6 10. O-O Be7 11. cxd5 exd5 12. Nxc6 bxc6 13. c4 {½-½ (21) Ziska,H (2544)-Rasmussen,A (2540) Vaxjo 2017}) 9. O-O dxc4 10. Bxc4 cxd4 11. Qe2 Bd7 12. Rd1 Qc7 13. Rb1 Be7 14. Bf4 Rc8 15. Bb3 Bc5 16. Ng5 Be7 17. Qh5 g6 18. Qf3 h6 (18... Na5 $11) 19. Ne4 $1 $36 {[%mdl 2048] White has the initiative.} Nxe5 $2 (19... Qa5 $14) 20. Qg3 $18 f6 21. Re1 $2 (21. Rxd4 $18 {is the precise move to win.} g5 22. Rxd7 $1 {[%mdl 512]} Qxd7 23. Bxe5) 21... Kf7 {[#]} 22. Nxf6 $1 {[%mdl 512]} Bxf6 $16 23. Bxe5 Bxe5 24. Rxe5 Kg7 {[#]} 25. Rbe1 ({White should try} 25. Rd1 $1 $16) 25... Rhf8 $1 $11 {The position is equal.} 26. Qd3 Qc3 27. Qe2 Rf7 28. Bxe6 Bxe6 29. Rxe6 Qxc2 30. Qe5+ Kh7 31. Qxd4 Qxa2 32. Re7 Rg8 33. Rxf7+ Qxf7 34. Qxa7 {[%mdl 4096] Endgame KQR-KQR} Rg7 35. Qb6 Qc7 36. Qb4 Rf7 37. g3 Qd8 38. h4 h5 39. Qe4 Qf6 40. Qe3 Qf5 41. Qd4 Qd7 (41... Rd7 {with more complications.} 42. Qc3 Rf7 43. Qb2 Qc8 44. Rd1 Qe8) 42. Qb4 Qf5 43. Qb2 Qc8 44. Re5 Qd8 45. Qc2 {Threatens to win with Rxh5+.} Kh6 $1 46. Rb5 Qd4 47. Rb2 (47. Kg2 {keeps more tension.} Qf6 48. Qb2 Qf3+ 49. Kg1 Qd1+ 50. Kh2) 47... Rd7 (47... Rc7 {with more complications.} 48. Qb1 Rc3 49. Kg2 Qf6 50. Kh2 Rc4) 48. Rb1 Rf7 49. Re1 (49. Qb2 {is interesting.} Qd8 50. Qe5 Kh7 51. Qe6 Kg7 52. Qe2) 49... Qf6 50. Re8 Qa1+ 51. Kg2 Qd4 52. Qe2 Kh7 53. Qa2 (53. Rc8 {looks sharper.} b5 54. Rb8 b4 55. Rb5 Kg7 56. Qe3) 53... Kg7 54. Re2 Qc3 55. Re3 (55. Qb2 {is more complex.} Qf6 56. Rc2 b6 57. Re2 Rc7 58. Qb3) 55... Qd4 (55... Qc6+ {feels hotter.} 56. f3 Qc1 57. Re8 b5 58. Qe2 Qc3) 56. Qe2 Qd5+ 57. Kg1 Qd4 58. Re6 Qa1+ 59. Kh2 Qd4 60. f4 Rd7 61. f5 gxf5 62. Re7+ Rxe7 63. Qxe7+ {KQ-KQ} Kg8 64. Qg5+ Qg7 65. Qxh5 Qf7 66. Qg5+ Kh7 67. Qe3 b5 68. Qc5 Qa2+ 69. Kh3 Qe6 70. Qxb5 f4+ $1 71. Kh2 {Black must now prevent Qh5+.} fxg3+ 72. Kxg3 {Precision: White = 42%, Black = 66%.} 1/2-1/2

[Event "9th LCC FIDE Open 2017"]
[Site "London"]
[Date "2017.12.07"]
[Round "7"]
[White "Gormally, Daniel W"]
[Black "Milliet, Sophie"]
[Result "1/2-1/2"]
[WhiteElo "2477"]
[BlackElo "2392"]
[Annotator "TA"]
[PlyCount "65"]
[EventDate "2017.??.??"]
[EventCountry "ENG"]
[SourceTitle "playchess.com"]
[Source "ChessBase"]
[SourceQuality "1"]

{[%evp 20,65,18,11,11,16,32,35,20,26,10,0,19,31,48,28,40,41,51,38,44,39,56,31,35,29,42,24,22,27,74,76,79,76,69,-17,-43,-201,-197,-188,-181,-195,-197,-266,0,0,0,-257]} 1. d4 Nf6 2. Nf3 e6 3. c4 Bb4+ 4. Nbd2 O-O 5. a3 Be7 6. g3 d5 7. Bg2 b6 8. O-O Bb7 9. cxd5 exd5 10. b4 {E16: Queen's Indian: 4 g3 Bb7 5 Bg2 Bb4+} Nbd7 (10... a5 11. b5 c6 12. bxc6 Nxc6 13. Bb2 a4 14. Qb1 b5 15. Ne5 Qb6 16. Nxc6 Bxc6 17. Bc3 Rfc8 {0-1 (40) Riazantsev,A (2651)-Gelfand,B (2719) Palma de Mallorca 2017}) 11. Bb2 {LiveBook: 7 Games} Bd6 12. Ne5 Ne4 $146 ({Predecessor:} 12... Re8 13. Ndf3 c5 14. Nxd7 Nxd7 15. dxc5 bxc5 16. Nh4 Bf8 17. Bxd5 Bxd5 18. Qxd5 cxb4 19. axb4 {½-½ (70) Kaidanov,G (2555)-Lein,A (2455) Dearborn 1992}) 13. Nxe4 dxe4 14. Rc1 Bd5 15. Nc4 b5 16. Ne3 c6 17. f3 exf3 18. Bxf3 Nb6 19. Rxc6 Bxc6 20. Bxc6 Na4 21. Ba1 {[%mdl 1024] White has compensation.} Rc8 $1 {[%cal Rc8c6]} 22. d5 f6 $1 23. Qd3 a6 24. Qe4 Qc7 25. Nf5 {Black must now prevent Qe6+.} Kh8 26. Nd4 Nb6 27. Rf5 (27. Qf5 $14) 27... Qf7 $11 28. Ne6 $2 {[#]} (28. Bc3 $15) 28... Rxc6 $1 $19 {[%mdl 512]} 29. dxc6 Re8 30. Ng5 {[#]} Qg6 $1 ({Weaker is} 30... fxg5 31. Rxf7 Rxe4 32. Rxg7 $16) 31. Ne6 (31. Qf3 {was necessary.} fxg5 32. Rf7) 31... Qf7 32. Ng5 $1 {[%cal Rg5f7]} Qg6 $1 ({But not} 32... fxg5 $6 33. Rxf7 Rxe4 34. Rxg7 $16) 33. Ne6 {[%mdl 32768] Precision: White = 54%, Black = 58%. . An unexpected result.} 1/2-1/2

[Event "9th LCC FIDE Open 2017"]
[Site "London"]
[Date "2017.12.07"]
[Round "7"]
[White "Hambleton, Aman"]
[Black "Martins, David Pires Tavares"]
[Result "1-0"]
[WhiteElo "2474"]
[BlackElo "2400"]
[Annotator "TA"]
[PlyCount "55"]
[EventDate "2017.??.??"]
[EventCountry "ENG"]
[SourceTitle "playchess.com"]
[Source "ChessBase"]
[SourceQuality "1"]

{[%evp 17,55,35,35,37,32,22,43,23,22,18,33,43,46,50,61,60,114,110,139,148,172,170,179,187,178,182,292,295,281,272,243,225,211,222,387,380,370,379,351,352]} 1. d4 e6 2. c4 f5 3. g3 Nf6 4. Bg2 d5 5. Nh3 c6 6. O-O Bd6 7. Bf4 O-O 8. Nd2 {[%cal Bb1d2,Bd2f3,Bf3e5][%mdl 32]} Be7 {A90: Holländische Verteidigung (Klassisches System, Stonewall und Varianten mit Lb4)} 9. Nf3 Ne4 {LiveBook: 7 Partien} 10. Qc1 Nd7 {Weiß steht etwas besser.} 11. Rd1 $146 ({Vorgänger:} 11. Nhg5 Ndf6 12. Ne5 Nh5 13. Nxe4 Nxf4 14. gxf4 fxe4 15. Qe3 Bd6 {½-½ (55) Navara,D (2707)-Shabalov,A (2606) Khanty-Mansiysk 2009}) 11... h6 12. Ne5 Qe8 13. f3 {[%cal Bf2f3,Bf3e4,Be4e5][%mdl 32]} Nef6 14. Nd3 g5 15. Bd2 Bd6 16. Nhf2 Nh5 ({Günstiger ist} 16... Qf7 $14) 17. e4 $16 dxe4 18. fxe4 f4 {[#]} 19. g4 $1 {[%cal Rg4h5]} f3 20. e5 Bc7 21. Bf1 ({Und nicht} 21. gxh5 fxg2 22. Bxg5 hxg5 $14) 21... c5 (21... Ng7 $142) 22. gxh5 $18 cxd4 23. Re1 Qxh5 24. Bh3 Qg6 25. Kh1 b6 $2 (25... Kh8 26. Bb4 Rf7) 26. Rg1 {[%cal Rd2g5] Lxg5! ist eine echte Drohung.Weiß steht auf Gewinn.} Bd8 {[#]} 27. Nf4 $1 {[%mdl 512]} Rxf4 28. Bxf4 {Precision: Weiß = 79%, Schwarz = 50%.} 1-0